Selecting injection molds: weighing cost versus productivity / (Record no. 565758)
[ view plain ]
| 000 -LEADER | |
|---|---|
| fixed length control field | 00543nam a2200145Ia 4500 |
| 008 - FIXED-LENGTH DATA ELEMENTS--GENERAL INFORMATION | |
| fixed length control field | 210430s9999 xx 000 0 und d |
| 020 ## - INTERNATIONAL STANDARD BOOK NUMBER | |
| International Standard Book Number | 1569903891 (hardcover) |
| 082 ## - DEWEY DECIMAL CLASSIFICATION NUMBER | |
| Classification number | 668.412 R322S |
| 100 ## - MAIN ENTRY--PERSONAL NAME | |
| Personal name | Herbert Rees, Bruce Catoen |
| 9 (RLIN) | 127027 |
| 245 ## - TITLE STATEMENT | |
| Title | Selecting injection molds: weighing cost versus productivity / |
| Statement of responsibility, etc. | Herbert Rees |
| 260 ## - PUBLICATION, DISTRIBUTION, ETC. | |
| Place of publication, distribution, etc. | Munich : | Cincinnati : Hanser Gardner Publications, |
| Name of publisher, distributor, etc. | Hanser Publishers ; |
| Date of publication, distribution, etc. | 2006 |
| 300 ## - PHYSICAL DESCRIPTION | |
| Extent | x, 230 p. : |
| 856 ## - ELECTRONIC LOCATION AND ACCESS | |
| Uniform Resource Identifier | <a href="http://www.loc.gov/catdir/toc/ecip0517/2005023027.html">http://www.loc.gov/catdir/toc/ecip0517/2005023027.html</a> |
| 942 ## - ADDED ENTRY ELEMENTS (KOHA) | |
| Koha item type | Reference |
| Source of classification or shelving scheme | |
| Withdrawn status | Lost status | Damaged status | Not for loan | Permanent Location | Current Location | Shelving location | Date acquired | Total Checkouts | Full call number | Barcode | Date last seen | Price effective from | Koha item type |
|---|---|---|---|---|---|---|---|---|---|---|---|---|---|
| School of Chemical & Materials Engineering (SCME) | School of Chemical & Materials Engineering (SCME) | Reference | 668.412 R322S | SCME-4707 | 04/30/2021 | 04/30/2021 | Reference |
